书目信息 |
| 题名: |
3ds max+VRay 产品造型渲染
|
|
| 作者: | 王岩 , 李才应 编著 | |
| 分册: | ||
| 出版信息: | 北京 清华大学出版社 2007.07 |
|
| 页数: | 269页 | |
| 开本: | 26cm | |
| 丛书名: | ||
| 单 册: | ||
| 中图分类: | TB472 | |
| 科图分类: | ||
| 主题词: | 工业技术--通用 , 工业--设备--通用性 | |
| 电子资源: | ||
| ISBN: | 978-7-302-15449-5 | |
| 000 | 00767nam0 2200229 450 | |
| 001 | 0854580143 | |
| 005 | 20080303151109.34 | |
| 010 | @a978-7-302-15449-5@dCNY32.80 | |
| 100 | @a20080303d2007 km y0chiy0120 ea | |
| 101 | 0 | @achi |
| 102 | @aCN@b110000 | |
| 200 | 1 | @a3ds max+VRay 产品造型渲染@A3ds max+VRay chan pin zao xing xuan ran@e技法与典型实例@f王岩,李才应编著@Fwang yan,li cai ying bian zhu |
| 210 | @a北京@c清华大学出版社@d2007.07 | |
| 215 | @a269页@d26cm | |
| 517 | 1 | @a技法与典型实例@Aji fa yu dian xing shi li |
| 606 | 0 | @a工业技术@x通用 |
| 606 | 0 | @a工业@x设备@x通用性 |
| 690 | @aTB472@v4 | |
| 701 | 0 | @a王岩@Awang yan@4编著 |
| 701 | 0 | @a李才应@Ali cai ying@4编著 |
| 801 | 0 | @aCN@b大连网信软件有限公司图书馆·11@c20080303 |
| 905 | @aZUCC@dTB472@eW415 | |
| 3ds max+VRay 产品造型渲染:技法与典型实例/王岩,李才应编著.-北京:清华大学出版社,2007.07 |
| 269页;26cm |
| ISBN 978-7-302-15449-5:CNY32.80 |
| ● |
| 相关链接 |
|
|
|
正题名:3ds max+VRay 产品造型渲染
索取号:TB472/W415
 
预约/预借
| 序号 | 登录号 | 条形码 | 馆藏地/架位号 | 状态 | 备注 |
| 1 | 479495 | 204794954 | 期刊室512/ [索取号:TB472/W415] | 在馆 |